[Event "Titled Tuesday intern op 21st Feb Late"]
[Site "Chess.com INT"]
[Date "2023.02.21"]
[Round "2"]
[White "Ladopoulos, Dimitrios"]
[Black "Bortnyk, Olexandr"]
[Result "0-1"]
[WhiteElo "2391"]
[BlackElo "2605"]
[PlyCount "80"]
[EventDate "2023.02.21"]
[EventType "swiss (blitz)"]
[EventRounds "11"]
[EventCountry "USA"]
[SourceTitle "CBM 212 Extra"]
[Source "ChessBase"]
[SourceDate "2023.03.31"]
[SourceVersion "1"]
[SourceVersionDate "2023.03.31"]
[SourceQuality "1"]

1. d4 d6 2. Nf3 Nf6 3. g3 g6 4. Bg2 Bg7 5. 0-0 0-0 6. c4 Bf5 7. h3 c5 8. d5 b5 9. cxb5 a6 10. bxa6 Nxa6 11. Nfd2 Nb4 12. Na3 Qc8 13. g4 Bd7 14. Nac4 Nfxd5 15. e4 Nf4 16. Nb6 Qb7 17. Nxa8 Rxa8 18. a3 Bb5 19. Re1 Nbd3 20. Re3 Bd4 21. Rf3 Nxc1 22. Rxc1 Ne2+ 23. Kh1 Nxc1 24. Qxc1 Be2 25. Rb3 Qa6 26. f4 c4 27. Rb4 Be3 28. Qc2 Bd3 29. Qd1 Bxf4 30. e5 dxe5 31. Bxa8 Qxa8+ 32. Qf3 Qxf3+ 33. Nxf3 e4 34. Nd4 e5 35. Rb8+ Kg7 36. Nb5 e3 37. Nc3 e2 38. Nxe2 Bxe2 39. a4 e4 40. a5 Bxb8 0-1

[Event "Titled Tuesday intern op 21st Feb Late"]
[Site "Chess.com INT"]
[Date "2023.02.21"]
[Round "5"]
[White "Samsonkin, Artiom"]
[Black "Ladopoulos, Dimitrios"]
[Result "1-0"]
[WhiteElo "2425"]
[BlackElo "2391"]
[PlyCount "55"]
[EventDate "2023.02.21"]
[EventType "swiss (blitz)"]
[EventRounds "11"]
[EventCountry "USA"]
[SourceTitle "CBM 212 Extra"]
[Source "ChessBase"]
[SourceDate "2023.03.31"]
[SourceVersion "1"]
[SourceVersionDate "2023.03.31"]
[SourceQuality "1"]

1. d4 e6 2. e4 d5 3. Nc3 Nf6 4. Bg5 dxe4 5. Nxe4 Nbd7 6. Nf3 h6 7. Bxf6 Nxf6 8. Bd3 Nxe4 9. Bxe4 c5 10. 0-0 cxd4 11. Qe2 Qb6 12. Rad1 Be7 13. Nxd4 0-0 14. c3 Bf6 15. Nb5 a6 16. Nd6 Rd8 17. Nc4 Qc7 18. Rxd8+ Bxd8 19. Rd1 Be7 20. Qd3 Rb8 21. Nd6 b5 22. Ne8 Qb6 23. Qg3 g5 24. Qh3 e5 25. Qg3 f6 26. Qf3 Be6 27. Nxf6+ Kh8 28. Qh5 1-0

[Event "Thessaloniki White Tower op-A 43rd"]
[Site "Thessaloniki"]
[Date "2023.01.08"]
[Round "9"]
[White "Ladopoulos, Dimitrios"]
[Black "Kesidis, Odyseas"]
[Result "1/2-1/2"]
[WhiteElo "2367"]
[BlackElo "2233"]
[PlyCount "53"]
[EventDate "2023.01.02"]
[EventType "swiss"]
[EventRounds "9"]
[EventCountry "GRE"]
[SourceTitle "CBM 212 Extra"]
[Source "ChessBase"]
[SourceDate "2023.03.31"]
[SourceVersion "1"]
[SourceVersionDate "2023.03.31"]
[SourceQuality "1"]

1. d4 Nf6 2. Nf3 e6 3. c4 Bb4+ 4. Bd2 c5 5. Bxb4 cxb4 6. a3 bxa3 7. Rxa3 0-0 8. Nc3 d6 9. g3 b6 10. Bg2 Bb7 11. 0-0 Nc6 12. d5 exd5 13. cxd5 Nb4 14. Nd4 a5 15. Nc6 Bxc6 16. dxc6 Rc8 17. Qa4 d5 18. Rd1 Qe8 19. Bxd5 Nfxd5 20. Rxd5 Rxc6 21. Rd2 Qe6 22. Kg2 h5 23. h4 Rfc8 24. Ra1 Rc4 25. Qd7 Qxd7 26. Rxd7 R8c7 27. Rad1 1/2-1/2

[Event "Titled Tuesday intern op 30th Aug Early"]
[Site "Chess.com INT"]
[Date "2022.08.30"]
[Round "5"]
[White "Ladopoulos, Dimitrios"]
[Black "Cnejev, Vladimir Alexandru"]
[Result "0-1"]
[WhiteElo "2335"]
[BlackElo "2165"]
[PlyCount "76"]
[EventDate "2022.08.30"]
[EventType "swiss (blitz)"]
[EventRounds "11"]
[EventCountry "USA"]
[SourceTitle "EXT 2023"]
[Source "ChessBase"]
[SourceDate "2022.10.05"]
[SourceVersion "1"]
[SourceVersionDate "2022.10.05"]
[SourceQuality "1"]

1. d4 d5 2. Nc3 Nf6 3. Bf4 e6 4. Nb5 Na6 5. e3 c6 6. Nc3 Nc7 7. Nf3 Bd6 8. Bxd6 Qxd6 9. Bd3 0-0 10. 0-0 c5 11. e4 cxd4 12. e5 Qd8 13. exf6 dxc3 14. Bxh7+ Kxh7 15. Ng5+ Kg6 16. Qg4 Kxf6 17. Nh7+ Ke7 18. Qb4+ Qd6 19. Qxd6+ Kxd6 20. Nxf8 e5 21. Nh7 f6 22. f4 Bf5 23. fxe5+ Kxe5 24. Rae1+ Be4 25. bxc3 Rh8 26. Nxf6 gxf6 27. h3 Nb5 28. Re3 Rg8 29. g4 Nd6 30. Rf2 f5 31. Rg2 Kf4 32. Rgg3 fxg4 33. hxg4 Nf5 34. Kf2 Nxg3 35. Rxg3 Rxg4 36. Rh3 Rg2+ 37. Ke1 Rxc2 38. Rh7 Ke3 0-1

[Event "Titled Tuesday intern op 23rd Aug Late"]
[Site "Chess.com INT"]
[Date "2022.08.23"]
[Round "4"]
[White "Ladopoulos, Dimitrios"]
[Black "Andreikin, Dmitry"]
[Result "0-1"]
[WhiteElo "2335"]
[BlackElo "2729"]
[PlyCount "44"]
[EventDate "2022.08.23"]
[EventType "swiss (blitz)"]
[EventRounds "11"]
[EventCountry "USA"]
[SourceTitle "EXT 2023"]
[Source "ChessBase"]
[SourceDate "2022.10.05"]
[SourceVersion "1"]
[SourceVersionDate "2022.10.05"]
[SourceQuality "1"]

1. d4 Nf6 2. Nc3 d5 3. Bf4 a6 4. e3 Bf5 5. Bd3 Bg6 6. Nf3 e6 7. Ne5 c5 8. Nxg6 hxg6 9. h3 Nc6 10. dxc5 Bxc5 11. Qe2 e5 12. Bg5 e4 13. Bxe4 dxe4 14. Nxe4 Qa5+ 15. Nd2 0-0-0 16. c3 Be7 17. Bf4 g5 18. Bg3 Rxd2 19. Qxd2 Ne4 20. Qe2 Nxc3 21. Qd2 Rd8 22. Qc2 Ne4+ 0-1

[Event "Titled Tuesday intern op 23rd Aug Early"]
[Site "Chess.com INT"]
[Date "2022.08.23"]
[Round "2"]
[White "Ladopoulos, Dimitrios"]
[Black "Moroni, Luca Jr"]
[Result "0-1"]
[WhiteElo "2335"]
[BlackElo "2574"]
[PlyCount "62"]
[EventDate "2022.08.23"]
[EventType "swiss (blitz)"]
[EventRounds "11"]
[EventCountry "USA"]
[SourceTitle "EXT 2023"]
[Source "ChessBase"]
[SourceDate "2022.10.05"]
[SourceVersion "1"]
[SourceVersionDate "2022.10.05"]
[SourceQuality "1"]

1. Nf3 d5 2. d4 e6 3. c4 a6 4. cxd5 exd5 5. Bf4 Nf6 6. e3 Bd6 7. Bxd6 Qxd6 8. Nc3 Bg4 9. Bd3 0-0 10. Qc2 Bxf3 11. gxf3 c5 12. dxc5 Qxc5 13. Ne2 Qd6 14. 0-0 Nc6 15. Rac1 Rac8 16. Qd2 Rfe8 17. a3 Rcd8 18. Rfd1 Qe5 19. f4 Qe6 20. Ng3 g6 21. f5 Qe5 22. Qe2 d4 23. fxg6 hxg6 24. exd4 Qxd4 25. Qc2 Qg4 26. Be2 Qf4 27. Bc4 Ne5 28. Be2 Nc6 29. Bc4 Kg7 30. Rxd8 Rxd8 31. Qb3 Qxc1+ 0-1